The Ultimate lego book. (Record no. 112158)
[ view plain ]
| 000 -LEADER | |
|---|---|
| fixed length control field | 00254nam a2200109 a 4500 |
| 001 - CONTROL NUMBER | |
| control field | 4140 |
| 005 - DATE AND TIME OF LATEST TRANSACTION | |
| control field | 20140414131928.0 |
| 008 - FIXED-LENGTH DATA ELEMENTS--GENERAL INFORMATION | |
| fixed length control field | 090218s19uu xx 00 eng d |
| 050 ## - LIBRARY OF CONGRESS CALL NUMBER | |
| Classification number | REF 790.1 |
| Item number | Ul8 1999 |
| 245 ## - TITLE STATEMENT | |
| Title | The Ultimate lego book. |
| Withdrawn status | Lost status | Damaged status | Home library | Current library | Shelving location | Date acquired | Total Checkouts | Full call number | Barcode | Date last seen | Price effective from | Koha item type |
|---|---|---|---|---|---|---|---|---|---|---|---|---|
| Munich Library | Munich Library | Reference Section | 02/18/2009 | REF 790.1 Ul8 1999 | M3230 | 04/14/2014 | 04/14/2014 | Books |